| Tag |
First Indicator |
Second Indicator |
Subfields |
| LEADER |
00000cam a2200000 a 4500 |
| 001 |
in00000091723 |
| 005 |
20150923131800.0 |
| 008 |
820603s1980 nju 00010 eng |
| 010 |
|
|
|a 81184683
|
| 020 |
|
|
|a 0391017926
|
| 035 |
|
|
|a (OCoLC)07798955
|
| 035 |
|
|
|9 AAK7055AM
|
| 039 |
0 |
|
|a 2
|b 3
|c 3
|d 3
|e 3
|
| 040 |
|
|
|a DLC
|c DLC
|d TXA
|d UtOrBLW
|
| 043 |
|
|
|a e-ur---
|
| 049 |
|
|
|a TXAM
|c [1633313]
|
| 050 |
0 |
0 |
|a JX756
|b 1980
|
| 082 |
0 |
|
|a 327.470171/7
|2 19
|
| 100 |
1 |
|
|a Naik, J. A.
|
| 245 |
1 |
0 |
|a Russia and the Communist countries :
|b documents, 1946-71 /
|c J.A. Naik.
|
| 264 |
|
1 |
|a Atlantic Highlands, N.J. :
|b Humanities Press,
|c 1980.
|
| 300 |
|
|
|a iv, xix, 367 pages ;
|c 23 cm.
|
| 336 |
|
|
|a text
|b txt
|2 rdacontent
|
| 337 |
|
|
|a unmediated
|b n
|2 rdamedia
|
| 338 |
|
|
|a volume
|b nc
|2 rdacarrier
|
| 651 |
|
0 |
|a Soviet Union
|x Foreign relations
|v Treaties.
|
| 651 |
|
0 |
|a Soviet Union
|x Foreign relations
|z Communist countries.
|
| 651 |
|
0 |
|a Communist countries
|x Foreign relations
|z Soviet Union.
|
| 999 |
|
|
|a MARS
|
| 999 |
f |
f |
|s 5297f468-ce1b-3614-8608-651af08bf119
|i 135683e1-85f9-315c-acbc-d6f8330eccf0
|t 0
|
| 952 |
f |
f |
|p ric
|a Texas A&M University
|b Rellis Campus
|c Joint Library Facility
|d Remote Storage
|t 0
|e JX756 1980
|h Library of Congress classification
|i unmediated -- volume
|m A14806003867
|
| 998 |
f |
f |
|a JX756 1980
|t 0
|l Remote Storage
|